I'm a truck / (Record no. 1163)
[ view plain ]
| 000 -LEADER | |
|---|---|
| fixed length control field | 01321cam a22003013a 4500 |
| 005 - DATE AND TIME OF LATEST TRANSACTION | |
| control field | 20230825153200.0 |
| 020 ## - INTERNATIONAL STANDARD BOOK NUMBER | |
| International Standard Book Number | 9780375832635 |
| 040 ## - CATALOGING SOURCE | |
| Original cataloging agency | IMF |
| Transcribing agency | IMF |
| Modifying agency | DLC |
| Language of cataloging | eng |
| 050 00 - LIBRARY OF CONGRESS CALL NUMBER | |
| Classification number | PZ7.S343 |
| 082 ## - DEWEY DECIMAL CLASSIFICATION NUMBER | |
| Classification number | Fic |
| 100 1# - MAIN ENTRY--PERSONAL NAME | |
| Personal name | Shealy, Dennis |
| 245 10 - TITLE STATEMENT | |
| Title | I'm a truck / |
| Statement of responsibility, etc. | by Dennis Shealy ; illustrated by Bob Staake. |
| 246 30 - VARYING FORM OF TITLE | |
| Title proper/short title | I am a truck |
| 260 ## - PUBLICATION, DISTRIBUTION, ETC. | |
| Place of publication, distribution, etc. | New York, NY : |
| Name of publisher, distributor, etc. | Random House |
| Date of publication, distribution, etc. | 2006. |
| 300 ## - PHYSICAL DESCRIPTION | |
| Extent | 23 unnumbered pages: |
| Other physical details | color illustrations; |
| Dimensions | 21 cm |
| 490 ## - SERIES STATEMENT | |
| Series statement | A little golden book |
| 500 ## - GENERAL NOTE | |
| General note | A Little Golden book." |
| 505 ## - FORMATTED CONTENTS NOTE | |
| Formatted contents note | F <br/> |
| 520 ## - SUMMARY, ETC. | |
| Summary, etc. | How-dee! My name's Big Blue Bill, and I'm a truck. I've got 18 big wheels turning, 600 horses under the hood, and 53 feet o' trailer hangin' on behind ... So begins a book that introduces all types of trucks (with names such as Bony Tony and Leif the Logging Truck), narrated by a good ol' boy semi-truck! Lively text and bold, colorful artwork of hip, anthropomorphic trucks will transport young readers down highways, into a truck stop, and onto a construction site. |
| 521 ## - TARGET AUDIENCE NOTE | |
| Target audience note | 300 <br/> |
| Source | Lexile <br/> |
| 521 ## - TARGET AUDIENCE NOTE | |
| Target audience note | F <br/> |
| Source | Raz-Plus <br/> |
| 650 #1 - SUBJECT ADDED ENTRY--TOPICAL TERM | |
| Topical term or geographic name entry element | Trucks |
| Form subdivision | Fiction. |
| 700 1# - ADDED ENTRY--PERSONAL NAME | |
| Personal name | Staake, Bob, |
| Dates associated with a name | 1957- |
| 906 ## - LOCAL DATA ELEMENT F, LDF (RLIN) | |
| a | 7 |
| b | cbc |
| c | copycat |
| d | 2 |
| e | epcn |
| f | 20 |
| g | y-gencatlg |
| 942 ## - ADDED ENTRY ELEMENTS (KOHA) | |
| Source of classification or shelving scheme | Dewey Decimal Classification |
| Koha item type | Books |
| Suppress in OPAC | No |
| 999 ## - | |
| -- | 1163 |
| -- | 1163 |
| Withdrawn status | Lost status | Source of classification or shelving scheme | Damaged status | Not for loan | Collection | Home library | Current library | Shelving location | Date acquired | Total Checkouts | Full call number | Barcode | Date last seen | Date last checked out | Price effective from | Koha item type |
|---|---|---|---|---|---|---|---|---|---|---|---|---|---|---|---|---|
| Dewey Decimal Classification | Juvenile Fiction | Footprints International School Library Network Toul Kork Campus | Footprints International School Library Network Toul Kork Campus | 08/04/2023 | 2 | SHE Fic PZ7.S343 | FISBK00180 | 01/29/2024 | 01/22/2024 | 08/04/2023 | Books |
